| 000 | 01023nam a22002655i 4500 | ||
|---|---|---|---|
| 001 | 165030 | ||
| 003 | ES-MaACL | ||
| 005 | 20260629130411.0 | ||
| 008 | 050927m18011900fr a | |||||||| ||fre d | ||
| 040 |
_aCAM _bspa _cCAM |
||
| 100 | 1 |
_aScott, Walter, _cSir, _d1771-1832 _9104957 |
|
| 245 | 1 | 3 |
_aLa Saint-Valentin ou La jolie fille de Perth / _cpar Walter-Scott; traduction nouvelle de Louis Barré. |
| 260 |
_aParis : _b[s.n., _cs.a.] ( _fImpr. Lacour et comp.) |
||
| 300 |
_a100 p. : _bil. ; _c30 cm. |
||
| 490 | 1 |
_aLes veillées littéraires illustrées ; _v8 |
|
| 594 | _aTit. y autor tomados de comienzo de texto. | ||
| 596 | _aEl pie de imp. consta en colofón. | ||
| 596 | _aEl imp. trabaja en el siglo XIX. | ||
| 598 | _aLa serie consta en encabezamiento de pag. | ||
| 700 | 1 |
_aBarré, Louis, _d1799-1857 _925873 |
|
| 830 | 0 |
_aLes veillées littéraires illustrées ; _v8 _9188532 |
|
| 852 |
_aES-MaACL _jC-2260(2) _z-- Enc. hol. _z-- Legado M. de la Fuente |
||
| 999 |
_c165030 _d165030 |
||